The data warehouse ETL toolkit : Practical techniques for extracting, cleaning, conforming, and delivering data

Cowritten by Ralph Kimball, the world's leading data warehousing authority, whose previous books have sold more than 150,000 copies

Đã lưu trong:
Bibliografiske detaljer
Hovedforfatter: Kimball, Ralph
Format: Bog
Sprog:Undetermined
Udgivet: Indianapolis, IN Wiley 2004
Fag:
Tags: Tilføj Tag
Ingen Tags, Vær først til at tagge denne postø!
Thư viện lưu trữ: Trung tâm Học liệu Trường Đại học Cần Thơ
LEADER 00838nam a2200217Ia 4500
001 CTU_172131
008 210402s9999 xx 000 0 und d
020 |c 1098680 
082 |a 005.74 
082 |b K49 
100 |a Kimball, Ralph 
245 4 |a The data warehouse ETL toolkit : 
245 0 |b Practical techniques for extracting, cleaning, conforming, and delivering data 
245 0 |c Ralph Kimball, Joe Caserta 
260 |a Indianapolis, IN 
260 |b Wiley 
260 |c 2004 
520 |a Cowritten by Ralph Kimball, the world's leading data warehousing authority, whose previous books have sold more than 150,000 copies 
650 |a Data warehousing,Database design,Kho dữ liệu,Thiết kế cơ sở dữ liệu 
904 |i Trọng Hải 
980 |a Trung tâm Học liệu Trường Đại học Cần Thơ